[Event "RUS-ch sf"]
[Site "Novosibirsk"]
[Date "1998.??.??"]
[Round "?"]
[White "Isupov, Vladimir"]
[Black "Fominyh, Alexander"]
[Result "0-1"]
[WhiteElo "2365"]
[BlackElo "2530"]
[PlyCount "132"]
[EventDate "1998.??.??"]
[EventType "swiss"]
[EventRounds "9"]
[EventCountry "RUS"]
[Source "ChessBase"]
[SourceDate "1999.11.16"]

1. e4 c5 2. Nf3 Nc6 3. d4 cxd4 4. Nxd4 e6 5. Nb5 d6 6. c4 Nf6 7. N1c3 a6 8. Na3
Be7 9. Be2 O-O 10. O-O b6 11. Be3 Ne5 12. f4 Ned7 13. Bf3 Bb7 14. Qe2 h6 15.
Rfd1 Qc7 16. Rac1 Rac8 17. Nab1 Rfe8 18. Nd2 Qb8 19. a3 Rc7 20. Kh1 Rec8 21.
Ra1 Ba8 22. a4 Nf8 23. h4 N6d7 24. h5 Bf6 25. Ra3 Nc5 26. Ndb1 Be7 27. Nd2 a5
28. Nb5 Rd7 29. Bxc5 Rxc5 30. Rd3 Bc6 31. g3 Nh7 32. b3 Nf6 33. Nc3 Ba8 34. Kg2
Rd8 35. Ndb1 Re8 36. Re3 Rcc8 37. Nb5 Rcd8 38. N1c3 Nd7 39. Rd2 Nc5 40. Qd1 Bc6
41. Nd4 Bb7 42. Ndb5 Rd7 43. Kh2 Qd8 44. Bg2 Bf8 45. Re1 Qb8 46. Qc2 Red8 47.
Red1 Na6 48. Qd3 Qc8 49. Qe2 Nc5 50. Rb2 Be7 51. Rbb1 Kh8 52. Qc2 Rg8 53. Rd2
Na6 54. Qd1 Qc5 55. e5 Bxg2 56. Kxg2 Rgd8 57. exd6 Bxd6 58. Qf3 Bf8 59. Rxd7
Rxd7 60. Rd1 Rxd1 61. Qxd1 Qc6+ 62. Qf3 Qc8 63. Ne4 Qd7 64. Qe3 Qc8 65. Qf2 Qd7
66. Qe3 Qc6 0-1

[Event "Pardubice op"]
[Site "Pardubice"]
[Date "1993.??.??"]
[Round "5"]
[White "Brodsky, Michail"]
[Black "Kruszynski, Wlodzimierz"]
[Result "1-0"]
[WhiteElo "2515"]
[BlackElo "2390"]
[PlyCount "101"]
[EventDate "1993.07.??"]
[EventType "swiss"]
[EventRounds "9"]
[EventCountry "CZE"]
[Source "ChessBase"]
[SourceDate "1994.03.01"]

1. e4 c5 2. Nf3 e6 3. d4 cxd4 4. Nxd4 Nc6 5. Nb5 d6 6. c4 Nf6 7. N1c3 a6 8. Na3
b6 9. Be2 Bb7 10. O-O Nb8 11. f3 Nbd7 12. Bf4 Ne5 13. Qd2 Be7 14. Rfd1 Qc7 15.
Rac1 O-O 16. Kh1 Rac8 17. Bg3 Rfd8 18. f4 Ng6 19. Bf3 Qb8 20. Qe2 Nd7 21. Nab1
Bf6 22. Nd2 Bc6 23. b4 a5 24. a3 Qa8 25. Ndb1 Be7 26. Bg4 Ngf8 27. Bf3 Ng6 28.
Qe3 Qb8 29. Be2 Qa8 30. Bf3 Qb8 31. Be2 Qa8 32. Rc2 Qb8 33. Ra2 Nf6 34. Bf3
axb4 35. axb4 b5 36. cxb5 Bxb5 37. e5 Nd5 38. Nxd5 exd5 {#} 39. e6 Bc4 40.
exf7+ Kxf7 41. Ra7 Kf8 42. Nd2 d4 43. Qxd4 Bf6 44. Qg1 Qxb4 45. Nxc4 Rxc4 46.
Bd5 Rd4 47. Rf7+ Ke8 48. Rxf6 Rxd5 49. Re1+ Ne5 50. Rf5 g6 51. Rf6 1-0

[Event "Cappelle op 16th"]
[Site "Cappelle la Grande"]
[Date "2000.02.21"]
[Round "3"]
[White "Daly, Colm"]
[Black "Tregubov, Pavel V"]
[Result "0-1"]
[WhiteElo "2377"]
[BlackElo "2615"]
[PlyCount "108"]
[EventDate "2000.02.19"]
[EventType "swiss"]
[EventRounds "9"]
[EventCountry "FRA"]
[Source "ChessBase"]
[SourceDate "2000.03.10"]

1. e4 c5 2. Nf3 e6 3. d4 cxd4 4. Nxd4 Nc6 5. Nb5 d6 6. c4 Nf6 7. N1c3 a6 8. Na3
b6 9. Be2 Bb7 10. O-O Nb8 11. f3 Nbd7 12. Be3 Be7 13. Qd2 Qc7 14. Rfd1 O-O 15.
Rac1 Rac8 16. Bf1 Qb8 17. Qf2 Bd8 18. Kh1 Re8 19. Rc2 Bc7 20. Qg1 Kh8 21. Rcd2
Rg8 22. Bf4 Ne5 23. Bxe5 dxe5 24. Nc2 Rgd8 25. b4 Rxd2 26. Rxd2 Bd8 27. a3 Qc7
28. Na1 g5 29. Nb3 g4 30. Qe3 Be7 31. Bd3 Rg8 32. Na4 Nd7 33. Rc2 Qc6 34. Nc3
gxf3 35. Qxf3 f5 36. Qf1 f4 37. Nd2 a5 38. Rb2 Nf6 39. Nf3 Ng4 40. Qb1 axb4 41.
axb4 Qe8 42. Nd1 Qh5 43. c5 bxc5 44. bxc5 Bxc5 45. h3 Bc8 46. Qc2 Ne3 47. Qxc5
Nxd1 48. Rb8 Bd7 49. Rb7 Rd8 50. Ra7 Be8 51. Bc4 Bf7 52. Ra2 Kg7 53. Bxe6 Nf2+
54. Rxf2 Bxe6 0-1

[Event "Chigorin Memorial 12th"]
[Site "St Petersburg"]
[Date "2004.10.23"]
[Round "8"]
[White "Morozov, Dmitry"]
[Black "Geller, Jakov"]
[Result "0-1"]
[WhiteElo "2350"]
[BlackElo "2489"]
[PlyCount "96"]
[EventDate "2004.10.16"]
[EventType "swiss"]
[EventRounds "9"]
[EventCountry "RUS"]
[Source "ChessBase"]
[SourceDate "2004.11.15"]

1. e4 c5 2. Nf3 e6 3. d4 cxd4 4. Nxd4 Nc6 5. Nb5 d6 6. c4 a6 7. N5c3 Nf6 8. Be2
Be7 9. O-O O-O 10. Be3 Qc7 11. Na3 b6 12. Rc1 Ne5 13. f3 Bb7 14. Na4 Ned7 15.
b4 Rac8 16. Qb3 Qb8 17. Rfd1 Bd8 18. Kh1 Re8 19. Bf1 d5 20. exd5 exd5 21. c5 b5
22. Nb2 Ne5 23. Nc2 Nc4 24. Bg1 Nh5 25. a4 Bg5 26. Ra1 Re6 27. Bf2 Bf4 28. Nd4
Rg6 29. g4 Nf6 30. axb5 axb5 31. h3 h5 32. Bg2 hxg4 33. hxg4 Re8 34. Rd3 Bg3
35. Nd1 Qf4 36. Bxg3 Qxg3 37. Ne3 Bc8 38. Nef5 Re1+ 39. Rxe1 Qxe1+ 40. Kh2 Qe5+
41. Kg1 Qe1+ 42. Kh2 Rg5 43. Rd1 Qe5+ 44. Kg1 Bxf5 45. Nxf5 g6 46. Nd4 Nxg4 47.
fxg4 Rxg4 48. Nf3 Qe2 0-1

[Event "Boskovic Memorial"]
[Site "Bijelo Polje"]
[Date "2005.10.09"]
[Round "8"]
[White "Rabrenovic, Milinko"]
[Black "Delchev, Aleksander"]
[Result "0-1"]
[WhiteElo "2302"]
[BlackElo "2669"]
[PlyCount "60"]
[EventDate "2005.10.02"]
[EventType "tourn"]
[EventRounds "9"]
[EventCountry "YUG"]
[EventCategory "10"]
[Source "ChessBase"]
[SourceDate "2006.01.31"]

1. e4 c5 2. Nf3 e6 3. d4 cxd4 4. Nxd4 Nc6 5. Nb5 d6 6. c4 Nf6 7. N1c3 a6 8. Na3
b6 9. Be2 Bb7 10. O-O Be7 11. Be3 O-O 12. Qd2 Ne5 13. f3 Re8 14. Rfd1 Rc8 15.
Qd4 Ned7 16. Qd2 Qc7 17. Rac1 Qb8 18. Nab1 Rcd8 19. Bf1 h5 20. Qf2 d5 21. exd5
exd5 22. Nxd5 Nxd5 23. cxd5 Bd6 24. Bxb6 Bxh2+ 25. Kh1 Bg3 26. Qd4 Nxb6 27.
Qxb6 Rd6 28. Qb4 Qd8 29. Nc3 f5 30. Rd4 Qg5 0-1

[Event "AUT-chT2O 0102"]
[Site "Austria"]
[Date "2002.01.19"]
[Round "6.1"]
[White "Varga, Zoltan"]
[Black "Lutz, Christopher"]
[Result "1/2-1/2"]
[WhiteElo "2510"]
[BlackElo "2644"]
[PlyCount "63"]
[EventDate "2001.11.??"]
[EventType "team"]
[EventRounds "11"]
[EventCountry "AUT"]
[Source "ChessBase"]
[SourceDate "2002.11.25"]

1. e4 c5 2. Nf3 e6 3. d4 cxd4 4. Nxd4 Nc6 5. Nb5 d6 6. Bf4 e5 7. Be3 a6 8. N5c3
Nf6 9. Bg5 Be7 10. Bxf6 Bxf6 11. Nd2 Be6 12. Nc4 Nd4 13. Ne3 Rc8 14. Bd3 O-O
15. Ncd5 Bg5 16. c3 Nc6 17. O-O Ne7 18. Bc2 Bxe3 19. Nxe3 Qb6 20. Bb3 Rfd8 21.
Re1 Qc6 22. Bxe6 fxe6 23. Qb3 Kf7 24. f3 Qb5 25. Qc2 Ng6 26. Rad1 Kg8 27. Rd2
Rd7 28. Qd1 Rcd8 29. g3 Ne7 30. Qb3 Qxb3 31. axb3 Nc6 32. b4 1/2-1/2

[Event "Navalmoral op"]
[Site "Navalmoral"]
[Date "2004.12.07"]
[Round "7"]
[White "Korneev, Oleg"]
[Black "Delchev, Aleksander"]
[Result "0-1"]
[WhiteElo "2583"]
[BlackElo "2601"]
[PlyCount "82"]
[EventDate "2004.12.04"]
[EventType "swiss"]
[EventRounds "9"]
[EventCountry "ESP"]
[Source "ChessBase"]
[SourceDate "2005.01.01"]

1. e4 c5 2. Nf3 e6 3. d4 cxd4 4. Nxd4 Nc6 5. Nc3 Qc7 6. Be3 a6 7. Qd2 Nf6 8.
O-O-O Bb4 9. f3 Ne5 10. Nb3 b5 11. Kb1 Nc4 12. Bxc4 bxc4 13. Nc1 Rb8 14. N1e2
O-O 15. Ka1 d5 16. Bg5 dxe4 17. Bxf6 gxf6 18. Qh6 Qe5 19. f4 Qf5 20. g4 Qg6 21.
Qh3 Kh8 22. Rhg1 Bc5 23. f5 Qg7 24. Rge1 Bb7 25. fxe6 fxe6 26. Nf4 Rfe8 27. Nh5
Qg6 28. Rd7 Re7 29. Nf4 Qf7 30. Rxe7 Bxe7 31. Nxe4 Bxe4 32. Rxe4 e5 33. Nh5 Qd5
34. Qf3 Qd2 35. Kb1 c3 36. b3 Rd8 37. a4 Rb8 38. b4 f5 39. Rc4 Bxb4 40. Qxf5
Be7+ 41. Ka2 Rb2+ 0-1

[Event "HUN-ch 54th"]
[Site "Budapest"]
[Date "2004.08.27"]
[Round "9"]
[White "Varga, Zoltan"]
[Black "Almasi, Zoltan"]
[Result "1-0"]
[WhiteElo "2592"]
[BlackElo "2644"]
[Annotator "Ribli"]
[PlyCount "151"]
[EventDate "2004.08.19"]
[EventType "tourn"]
[EventRounds "9"]
[EventCountry "HUN"]
[EventCategory "13"]
[Source "ChessBase"]
[SourceDate "2004.11.11"]

1. e4 c5 2. Nf3 Nc6 3. d4 cxd4 4. Nxd4 Qc7 5. Nc3 e6 6. Be3 Nf6 7. Bd3 {
Das ist ein prinzipieller Aufbau gegen die Taimanov-Paulsen Variante. Im
folgenden möchte Weiss kurz rochieren und mit f2-f4 angreifen.} a6 8. O-O Ne5 {
Das ist die Hauptfortsetzung, aber es gibt viele Alternativen für Schwarz - 8..
.Nxd4, 8...b5, 8...Bd6, 8...h5.} 9. h3 Bc5 10. Na4 {
Dieser Springerzug wird heutzutage selten gespielt.} ({Die Fortsetzung} 10. Kh1
d6 11. f4 Ng6 12. Qe1 {erfreut sich größerer Beliebtheit}) 10... Ba7 11. c4 d6
(11... b6 12. Rc1 Bb7 13. Nc3 Nxd3 14. Qxd3 O-O 15. Bg5 Rac8 16. b3 Bb8 17. f4
d6 18. Bxf6 gxf6 19. Qg3+ Kh8 20. Qh4 Qe7 21. Nde2 Rg8 {
0-1 Skorchenko,D-Khismatullin,D/Russia 2000/EXT 2001 (40)}) 12. Rc1 Bd7 13. Nc3
O-O 14. b3 {Obwohl der c4P noch nicht angegriffen wird, ist dies immer ein
nützlicher Zug. Wir haben eigentlich eine Igelstellung vor uns, in der Weiss
mehr Raum kontrolliert und die schwarze Stellung etwas passiv, aber fest ist.
Ich möchte anmerken, dass der a7B ausgezeichnet steht.} (14. Kh1 Rac8 15. b3
Qb8 16. a4 Bc5 17. Bb1 b6 18. Bg5 Kh8 19. f4 Ng6 20. Bxf6 gxf6 21. Qd2 {
1/2-1/2 Hamdouchi,H-Cramling,P/Barcelona 2000/CBM 77 ext (57)}) 14... Qa5 {
Eine gute Neuerung des Großmeisters Almasi - Schwarz verbessert seineDamenstell
ung und kann im weiteren Partieverlauf eventuell b7-b5 ziehen. Wichtig ist,
dass Weiss nun nicht 15.Nc2 spielen kann, da die schwarze Dame den c3-Springer
kontrolliert.} (14... Bc5 15. Nc2 (15. Bb1 Ng6 16. Bg5 $13 {
Varga Zo.-Horvath,J.God,rapid.1996.}) 15... Qa5 $6 (15... Bxe3 $1 16. Nxe3 Rfd8
$10) 16. Bxc5 (16. b4 $1 Bxb4 17. Nxb4 Qxb4 18. Bd4 $44) 16... dxc5 17. Ne1 $1
{1/2-1/2 Varga,Z-Horvath,J/Balatonbereny 1996/CBM 55/[Ribli] (28)}) 15. Qe2
Rfe8 $11 {Die Stellung ist gleich und für Schwarz bequem.} 16. Nf3 (16. Bb1 $11
) 16... Bxe3 17. Qxe3 Nxf3+ 18. Qxf3 b5 $1 $36 (18... Bc6 $11) 19. cxb5 (19. e5
$5 dxe5 20. Ne4 $13) 19... axb5 $15 {Schwarz steht am Damenflügel aktiv und
hat starken Druck auf der a-Linie, es droht nun 20...b4.} 20. Rc2 b4 21. Ne2
Qb6 $1 (21... Rec8 22. Rfc1 Rxc2 23. Rxc2 Rc8 24. Rxc8+ Bxc8 $15) 22. Rd1 (22.
Rfc1 $15) 22... Ra5 $1 {Eine ausgezeichnete Idee - der schwarze a5 R spielt im
folgenden die Hauptrolle auf der fünfte Reihe.} 23. Rcd2 Bc6 24. Bb1 Rf5 $1 25.
Qg3 (25. Nf4 Qb7 26. Rxd6 $2 e5 $19) 25... Bxe4 26. Rxd6 Qa5 {
Schwarz hat ein ausgezeichnetes Figurenspiel. Der a2P ist kaum zu halten.} 27.
Qe3 Bxb1 28. Rxb1 Nd5 29. Qd4 Qxa2 $17 {
In der schwarzen Stellung ist alles verteidigt und er hat einen Bauern mehr.}
30. Re1 h6 {Schwarz sichert seine Grundreihe, aber die direkte Fortsetzung 30..
.Qxb3! scheint mir besser zu sein.} (30... Qxb3 $1 31. Ng3 Rg5 (31... Rf4 $4
32. Qxd5 $16) 32. Ne4 Rxg2+ $1 33. Kxg2 Nf4+ 34. Kg1 Qf3 35. Nf6+ gxf6 36. Qe4
Nxh3+ 37. Kh2 Ng5 38. Qe3 Rc8 $19) 31. Ng3 Rf4 32. Qc5 Ra8 33. Nh5 Rf5 (33...
Re4 34. Rxe4 Qb1+ 35. Kh2 Qxe4 $17) 34. Ng3 Re5 35. Rxe5 Qa1+ 36. Kh2 Qxe5 37.
Rd7 Qf4 (37... Qc3 $1 38. Qc4 Nb6 39. Qe4 Qxb3 $19) 38. Qc2 h5 (38... Nc3 $1
$19) 39. Qe4 $8 h4 $6 (39... Qxf2 40. Nxh5 g6 (40... Qe3 41. Qxe3 Nxe3 $19) 41.
Ng3 Ra2 $18) 40. Qxf4 Nxf4 41. Ne4 {Schwarz hat Positionsvorteil und einen
Mehrbauern, aber die Verwertung dieses Vorteils ist wegen des reduzierten
Materials und mit Türmen auf dem Brett noch nicht leicht.} e5 42. Rb7 Nd3 43.
Nd6 Nxf2 (43... f6 44. Nf5 g5 $17) 44. Nxf7 e4 (44... Ra1 45. g3 Ra2 46. gxh4
Ne4+ 47. Kg1 Nc5 48. Re7 Nxb3 49. Ng5 (49. Nxe5 Nd4 $17) 49... g6 50. Rb7 Ra4
51. Rb8+ Kg7 52. Rb7+ Kf8 $17) 45. Ng5 Re8 46. Rxb4 e3 47. Nf3 {
Der Springer muss den e-Bauern blockieren.} e2 48. Ne1 Ne4 49. Rd4 g5 50. g4 $1
$15 {Mit diesem guten Verteidigungszug schafft Weiss Platz für seinen König.}
Kg7 (50... hxg3+ 51. Kg2 $15) 51. b4 Ng3 52. Kg2 Rf8 53. Rd2 Rb8 (53... Rf1 $2
54. Rxe2 $16) 54. Rb2 Kf6 55. Nf3 Rd8 $6 (55... Ne4 56. Rxe2 (56. b5 Nc5 $11)
56... Rxb4 $11) 56. b5 $14 Rd3 $2 {Droht 57...Rxf3, das ist aber auch alles.
Schwarz wird im folgenden mit dem Turm wieder zurückgehen müssen.} (56... Rd1
$2 57. b6 $16) (56... Rb8 $1 57. b6 Ke7 58. Kf2 Kd6 59. b7 Kc6 60. Nxg5 Rxb7
61. Rxb7 Kxb7 62. Nf3 Kc6 63. Nxh4 Ne4+ 64. Kxe2 Ng5 $11) 57. Ne1 Rd7 (57...
Rd1 58. Kf2 $16) 58. b6 Rb7 59. Nf3 {Schrittweise verbessert Weiss seine
Stellung - jetzt steht der b7 R schrecklich passiv, der e2P wird gut
kontrolliert und der g3N ist weit vom Damenflügel entfernt.} Ne4 60. Rxe2 $16 {
Das Blatt hat sich gewendet - jetzt hat Weiss einen Bauern mehr.} Nd6 61. Rb2
Nc8 62. Rb5 Nd6 (62... Nxb6 63. Nxg5 $18 (63. Rf5+ $18)) (62... Rxb6 63. Rf5+
Ke7 64. Rxg5 $16) 63. Rb4 {Ich möchte anmerken, dass diese Phase der Partie in
Zeitnot gespielt wurde, was folgende Zugwiederholungen erklärt.} (63. Rxg5 Rxb6
$16 {führt zur Partiefortsetzung - siehe den 67. schwarzen Zug.}) 63... Nc8 64.
Rc4 $5 Ne7 (64... Nxb6 65. Rc6+ Ke7 66. Rh6 $16) 65. Rb4 Nc8 66. Rb5 Nd6 67.
Rxg5 Rxb6 68. Rd5 Rb2+ 69. Rd2 Rxd2+ (69... Rb6 70. Nxh4 $18) 70. Nxd2 $18 {
Schwarz verliert nun auch seinen h4-Bauern und damit ist seine Stellung
hoffnungslos.} Ke5 71. Kf3 (71. Nf3+ Kf4 72. Nxh4 Nc4 73. Kf2 $18 (73. Nf3 $4
Ne3+ 74. Kf2 Nxg4+ $11)) 71... Nf7 72. Ke3 Kf6 (72... Ng5 73. Nf3+ $18) 73. Nf3
Ke6 74. Kf4 Kf6 75. g5+ Kg6 76. Kg4 1-0

[Event "Presidents Cup "]
[Site "Elista"]
[Date "1998.05.07"]
[Round "1.1"]
[White "Onischuk, Alexander"]
[Black "Salov, Valery"]
[Result "0-1"]
[WhiteElo "2610"]
[BlackElo "2680"]
[Annotator "Ribli"]
[PlyCount "130"]
[EventDate "1998.05.07"]
[EventType "k.o."]
[EventRounds "6"]
[EventCountry "RUS"]
[Source "ChessBase"]
[SourceDate "1998.08.06"]

1. e4 {Hecht} c5 2. Nf3 e6 3. d4 cxd4 4. Nxd4 Nc6 5. Nc3 Qc7 6. Be3 a6 7. Bd3 {
In vielen Varianten steht der Läufer auf d3 aktiver als im System mit Be2.
Ribli.} Nf6 8. O-O Ne5 {Nach meiner Meinung ist das die beste Möglichkeit für
Schwarz, aber auch die Alternativen (8...Nxd4, 8...d6, 8...Be7, 8...b5) sind
spielbar.} 9. h3 Bc5 10. Kh1 {Jetzt oder später muß Weiß so spielen, denn der
König muß aus der Diagonalen a7-g1.} d6 11. f4 Ng6 12. Qd2 (12. f5 Ne5 $11)
12... O-O 13. Rae1 (13. Rf3 e5 14. Nde2 Bxe3 {Das ist die schwarze Strategie.
Er entledigt sich durch den Tausch der schwarzfeldrigen Läufer aller Probleme.
Der verbleibende weiße Läufer d3 steht sehr passiv.} 15. Qxe3 Qc5 16. Qd2 exf4
17. Nxf4 Qg5 18. Qf2 Nxf4 19. Rxf4 Be6 20. Rf1 Rac8 21. Ne2 d5 $11 {
Polgar,J-Portisch,L/Praha 1995}) 13... b5 (13... Bd7 14. Nf3 (14. Bg1 Rad8 15.
e5 {1/2-1/2 Topalov,V-Haba,P/Budapest zt-B 1993}) 14... Nh5 15. Ne2 e5 16. f5
Ngf4 17. Bxf4 exf4 18. Nxf4 Ng3+ 19. Kh2 Nxf1+ 20. Rxf1 Qd8 21. Nh5 $44 {
Hector,J-Sadler,M/Koge op 1997/1/2-1/2 (70)}) 14. a3 Re8 $5 {
Ein nützlicher Prophylaxezug.} (14... Qb6 15. e5 Nh5 16. Nce2 dxe5 17. fxe5
Bxd4 18. Bxd4 Ng3+ 19. Nxg3 Qxd4 20. Ne4 Qxb2 21. Nf6+ Kh8 22. Nxh7 Kxh7 23.
Bxg6+ fxg6 24. Rxf8 {
1-0 Hector,J-Matros,A/26th Rilton Cup, Stockholm SWE 1998 (34)}) (14... e5 15.
fxe5 dxe5 16. Nf5 Bxe3 17. Rxe3 Nf4 18. Ref3 Bxf5 19. exf5 Rad8 20. Re1 Rfe8
21. Qf2 Rd6 22. Rfe3 Red8 23. Rxe5 Nxd3 24. cxd3 Rxd3 25. Qc5 Qxc5 26. Rxc5 Rd2
{Tilak,S-Al Modiahki,M/Madras zt 1995/1-0 (50)}) (14... Bb7 $6 {
Dieser schablonenhafte Zug hilft Weiß.} 15. f5 $36 {
Und Schwarz kann mit dem Läufer auf b7 nicht 15...Ne5 spielen, weil e6 hängt.})
15. Nb3 $6 {Das ist eine ungefährliche Fortsetzung. Der Springer steht auf b3
nicht gut und durch den Tausch der schwarzfeldrigen Läufer erlangt der
Nachziehende bequemen Ausgleich.} (15. f5 $5 Ne5) 15... Bxe3 16. Qxe3 Bb7 $11
17. e5 (17. f5 exf5 (17... Ne5 $11) 18. Rxf5 d5 $13) (17. Ne2 e5 18. f5 Ne7 $11
{Und Schwarz erlangt durch folgendes ...d6-d5 vollwertiges Spiel. Die weißen
Leichtfiguren stehen schlecht.}) 17... dxe5 18. fxe5 Nd7 $5 (18... Nd5 19. Nxd5
(19. Qc5 Rac8 $11 (19... Qxc5 20. Nxc5 Bc6 $11)) 19... Bxd5 $11) 19. Bxg6 fxg6
$5 {Ein sehr tiefsinniger Zug. Nach dem natürlichen 20...hxg6 hätte Schwarz
keinerlei Probleme, aber er will mehr. Die Doppelbauern am Königsflügel sind
nicht schwach und Schwarz kann später über die f-Linie spielen. Im Endspiel
wäre im Fall von 19...hxg6 der schwarze f-Bauer schwach, während Schwarz jetzt
über die Möglichkeit ...Kf7 verfügt.} 20. Re2 (20. Nd4 Nb6) 20... Nb6 (20...
Rf8 21. Rd1) 21. Qc5 Rac8 (21... Qxc5 {Dieser Zug gibt das Feld c5 auf.} 22.
Nxc5 $14) 22. Qxc7 Rxc7 23. Na5 Ba8 24. Kg1 Rd8 $15 {Der schwarze Läufer ist
sehr stark, der weiße e-Bauer eine ewige Schwäche. Die schwarzen Schwächen am
Königsflügel sind nicht angreifbar.} 25. Rd1 {
Natürlich tauscht Weiß den aktiven schwarzen Turm.} Rxd1+ 26. Nxd1 Kf7 {
Das ist eine Frucht des 19.Zuges! Der schwarze König nähert sich dem Zentrum.}
27. Nf2 Nc4 28. Nxc4 Rxc4 29. c3 g5 $1 {
Schwarz bereitet das Manöver ...Kg6-f5 vor.} 30. Rd2 Ke7 31. Rd6 Bc6 {
Der Läufer beschränkt den weißen Turm in seiner Beweglichkeit.} 32. Rd4 (32.
Nd3 a5 $15) 32... Bd5 33. Nd3 (33. Rxc4 bxc4 (33... Bxc4 $5 34. Ne4 h6 35. Kf2
a5 36. Ke3 Kd7 37. Kd4 $2 Bf1 $17) 34. Nd1 Kd7 35. Ne3 Kc6 36. Kf2 (36. Nc2 $6
Be4 37. Nb4+ Kb5 $17) (36. Nxd5 $4 Kxd5 $19) 36... Kc5 {Der König verteidigt
die Bauernschwäche c4 und nach folgendem ...Bd5-e4-d3 hat Schwarz eine aktive
Stellung.}) 33... a5 (33... Rxd4 $6 34. cxd4 $11 {Der schwarze Läufer steht
ausgezeichnet, aber der weiße e-Bauer ist nicht mehr schwach.}) 34. Kf2 Kd7 35.
Ne1 Kc6 36. Ke3 h6 {
Ein nützlicher Abwartezug. Jetzt ist im schwarzen Lager alles verteidigt.} 37.
g3 Kb6 38. Nd3 (38. Rxc4 Bxc4 $15 (38... bxc4 39. Nc2 Kc5 40. Nd4)) 38... Rc8
$1 {
Das Eindringen des Turmes in den weißen Königsflügel ist äußerst unangenehm.}
39. a4 Rf8 40. axb5 Kxb5 {
Die schwarze Figuren sind aktiv, Weiß kann nur abwarten.} 41. Ke2 Rf5 {
Es droht die Fesselung 42...Bc4.} 42. g4 Rf7 $22 {
Jetzt sind die weißen Bauern am Königsflügel angreibar.} 43. Ne1 (43. Ke3 Rf1)
(43. Ke3 $2 Rf3+ $17) 43... Rf4 44. Ke3 (44. Rxf4 gxf4 $17 {Schwarz hat einen
starken Freibauern auf f4 und droht, mit dem König in den weißen Damenflügel
einzudringen. Der Läufer kontrolliert alles von d5.}) 44... Rf1 (44... Rxd4 $2
45. Kxd4) 45. Nc2 (45. Ke2 Rh1 (45... Bc4+ 46. Rxc4 Rxe1+ 47. Kxe1 Kxc4 $15)
46. Rd3 Bc4 $19 (46... Rh2+ $17)) 45... Rf3+ 46. Kd2 (46. Ke2 Rxh3 47. c4+
Bxc4+ $19 {
Dieser Zug kommt mit "Schach", so daß Weiß keine Zeit für 48.Na3 hat.}) 46...
Bb3 $1 (46... Rxh3 $2 47. c4+ Bxc4 48. Na3+ Rxa3 (48... Kc5 $2 49. Rxc4+ $16)
49. bxa3 Bd5 {Schwarz hat zwei Bauern und den zentralisierten König für die
Qualität, aber die Partiefortsetzung ist viel besser.}) 47. Rb4+ {
Ein unarwarteter Zug! Weiß tauscht seinen Turm gegen den aktiven schwarzen.} (
47. Na1 Bc4 48. b3 $2 Bf1 $17) 47... axb4 48. Nd4+ Kc4 49. Nxf3 {Hecht #  A
ong bishop with many pawn weaknesses; active Black king. #  Starker Läufer bei
vielen weißen Bauernschwächen; aktiver schwarzer König.} bxc3+ 50. bxc3 Kd5 $17
{Das Material ist reduziert, aber Weiß hat stets Probleme. Sein Bauer e5 ist
nach wie vor schwach und die Bauern h3/g4 sind durch den Läufer gut angreifbar.
} 51. Ke3 Bc4 $22 52. h4 (52. Kf2 Ke4 53. Nd2+ Kd3 $17) (52. Nd2 Ba6 53. Nf3
Bf1 54. h4 (54. Kf2 {Hecht} Bd3 (54... Bxh3 55. Nh2) 55. Ke3 Bb5 $22 (55... Be4
$2 56. c4+)) 54... gxh4 55. Nxh4 Kxe5 $17) 52... gxh4 53. Nxh4 Kxe5 {Endlich Sc
hwarz hat diesen Bauern gewonnen, aber das Material ist reduziert und er muß
vorsichtig spielen.} 54. Nf3+ Kd5 55. Nd2 Bb5 56. Nf3 Ba4 57. g5 h5 {
Natürlich tauscht Schwarz nicht. Der h-Bauer ist eine neue Gefahr für Weiß.}
58. Kf4 Bc2 59. Ne5 Bf5 $22 60. Nf3 (60. g6 h4 61. Nf3 h3 62. Kg3 e5 $17) 60...
Kc4 61. Nh4 Bg4 (61... Kxc3 $2 62. Nxf5 exf5 63. Kxf5 (63. g6 h4 $19) 63... Kd4
64. g6 $1 $11 (64. Kg6 h4 65. Kxg7 h3 66. Kf7 h2 67. g6 h1=Q 68. g7 Qh5+ $19 {
Das ist eine theoretische Gewinnstellung.})) 62. g6 Kxc3 63. Ke5 (63. Ng2 Kd4
64. Ne3 e5+ $19) 63... Kd3 64. Kd6 Ke4 $19 {Schwarz hat zwei Bauern mehr und
entfaltet das bessere Figurenspiel. Der weiße Gegenangriff mit dem König kommt
zu spät.} 65. Ke7 Kf4 (65... Kf4 66. Kf8 Kg5 67. Kxg7 (67. Ng2 Kxg6 $19 {
Mit den drei Mehrbauern gewinnt Schwarz leicht.}) 67... Kxh4 68. Kf7 (68. Kh7
Bf5 $19) (68. Kh8 e5 69. g7 Be6 $19) 68... Bf5 (68... e5 69. g7 Bd1 70. g8=Q
Bb3+ $19) 69. g7 Bh7 $19) 0-1

[Event "Korinthos op 3rd"]
[Site "Korinthos"]
[Date "1999.08.01"]
[Round "9"]
[White "Kosanovic, Goran A"]
[Black "Banikas, Hristos"]
[Result "0-1"]
[WhiteElo "2485"]
[BlackElo "2507"]
[PlyCount "62"]
[EventDate "1999.07.27"]
[EventType "swiss"]
[EventRounds "9"]
[EventCountry "GRE"]
[Source "ChessBase"]
[SourceDate "1999.11.16"]

1. e4 c5 2. Nf3 Nc6 3. d4 cxd4 4. Nxd4 Qc7 5. Nc3 e6 6. Be2 a6 7. f4 b5 8. Nxc6
Qxc6 9. Bf3 Bb7 10. Be3 Rc8 11. a3 Qc4 12. Qd3 Nf6 13. O-O Bc5 14. Bxc5 Qxc5+
15. Kh1 e5 16. Rae1 O-O 17. g4 Ne8 18. f5 Nd6 19. Re2 Nc4 20. Nd1 Rfd8 21. Bg2
d5 22. g5 dxe4 23. Qh3 Nd2 24. g6 fxg6 25. fxg6 h6 26. Rf7 Nf3 27. Ne3 Rc6 28.
Rd7 Qb6 29. Rxd8+ Qxd8 30. Qg4 Rd6 31. Rf2 Qb6 0-1